000 02044cam a2200469 i 4500
001 15735162
003 EG-ScBUE
005 20250513094941.0
008 090512t2009 nyuah f b 000 0aeng d
020 _a9780393065671
020 _a0393065677
035 _a(OCoLC)ocn317919484
035 _a(DLC)15735162
040 _aDLC
_beng
_erda
_cDLC
_dBTCTA
_dUKM
_dC#P
_dCLU
_dIXA
_dYDXCP
_dFHP
_dNLGGC
_dCDX
_dDLC
_dDLC-MRC
_dDLC
_dEG-ScBUE
041 1 _aeng
_hger
043 _ae-sz---
082 0 4 _a150.1954
_222
_bJUN
100 1 _aJung, C. G.
_q(Carl Gustav),
_d1875-1961,
_eauthor
245 1 4 _aThe red book :
_bliber novus /
_cC.G. Jung ; edited by Sonu Shamdasani ; preface by Ulrich Hoerni ; translated by Mark Kyburz, John Peck, and Sonu Shamdasani.
246 3 1 _aLiber novus
250 _aFirst edition.
264 1 _aNew York ;
_aLondon :
_bW.W. Norton & Company,
_c[2009]
264 4 _cc2009
300 _axii, 371 pages :
_bcolor illustrations, facsimiels ;
_c40 cm
336 _atext
_btxt
_2rdacontent
337 _aunmediated
_bn
_2rdamedia
338 _2rdacarrier
_avolume
_bnc
504 _aIncludes bibliographical references.
520 _aWhen Carl Jung embarked on an extended self-exploration, the result was "The Red Book," a large, illuminated volume he created between 1914 and 1930. However, only a handful of people have ever seen it. Now, in a complete facsimile and translation, it is available to scholars and the general public.
546 _aText in English and German.
600 1 7 _aJung, C. G.
_q(Carl Gustav),
_d1875-1961.
_2BUEsh
650 7 _aPsychoanalysts
_zSwitzerland
_vBiography.
_2BUEsh
650 7 _aJungian psychology.
650 7 _aPsychoanalysis
_zSwitzerland
_vPersonal Narratives.
_2BUEsh
650 7 _aUnconscious (Psychology)
_vPersonal Narratives.
_2BUEsh
650 7 _aDreams
_vPersonal Narratives.
_2BUEsh
650 7 _aPsychoanalysis
_vManuscripts.
_2BUEsh
653 _cMay2025
_bHHUUPPSS
655 _vReading book
700 1 _aShamdasani, Sonu,
_d1962-
_econtributor.
942 _2ddc
_cNB
999 _c30977
_d30948